Roblox Blox Fruits: Name the fruits (May 2026) - Statistics

General Stats
  • This quiz has been taken 76 times
  • The average score is 32 of 42
Answer Stats
Type Fruit % Correct
Common Rocket
100%
Common Spin
95%
Mythical Dragon (East)
93%
Mythical Dragon (West)
93%
Mythical Kitsune
90%
Rare Light
90%
Mythical Control
88%
Uncommon Ice
88%
Legendary Buddha
85%
Uncommon Flame
85%
Common Blade
83%
Legendary Quake
83%
Mythical T-Rex
83%
Common Bomb
80%
Mythical Gravity
80%
Legendary Love
80%
Mythical Venom
80%
Mythical Yeti
80%
Mythical Dough
78%
Rare Magma
78%
Legendary Blizzard
76%
Uncommon Dark
76%
Common Smoke
76%
Mythical Tiger
76%
Legendary Pain
73%
Common Spike
73%
Common Spring
73%
Legendary Creation
71%
Mythical Mammoth
71%
Legendary Phoenix
71%
Rare Ghost
68%
Legendary Portal
68%
Rare Rubber
68%
Uncommon Sand
68%
Legendary Spider
68%
Mythical Shadow
66%
Legendary Sound
66%
Uncommon Diamond
63%
Mythical Gas
59%
Mythical Spirit
59%
Uncommon Eagle
56%
Legendary Lightning
56%
No matching quizzes found
Score Distribution
Percent of People with Each Score
Percentile by Number Answered
Your Score History
You have not taken this quiz